Country Capitals from 'L' by Images - Statistics

General Stats
  • This quiz has been taken 30 times
  • The average score is 6 of 11
Answer Stats
Picture Answer % Correct
Ljubljana
93%
Luxembourg
80%
London
67%
Luanda
67%
La Paz
53%
Lima
53%
Lisbon
47%
Lome
47%
Lusaka
47%
Lilongwe
27%
Libreville
13%
No matching quizzes found
Score Distribution
Percent of People with Each Score
Percentile by Number Answered
Your Score History
You have not taken this quiz